Construction cost management (Record no. 115111)

MARC details
000 -LEADER
fixed length control field 01491cam a22002055a 4500
001 - CONTROL NUMBER
control field L158059
008 - FIXED-LENGTH DATA ELEMENTS--GENERAL INFORMATION
fixed length control field 081208s2008 xxk f 001 0 eng d
020 ## - INTERNATIONAL STANDARD BOOK NUMBER
International Standard Book Number 9780415629133
035 ## - SYSTEM CONTROL NUMBER
System control number (Sirsi) u158059
041 0# - LANGUAGE CODE
Language code of text/sound track or separate title eng
100 1# - MAIN ENTRY--PERSONAL NAME
Personal name Potts, Keith
245 00 - TITLE STATEMENT
Title Construction cost management
Remainder of title learning from case studies $2 nd edition
505 2# - FORMATTED CONTENTS NOTE
Formatted contents note Part 1: introduction -- Part 2: Management of the pre-contract stage -- Part 3: Key tools and techniques -- Part 4: Procurement strategies -- Part 5: Management of the post-contract stage -- Part 6: Contracts and case study
520 ## - SUMMARY, ETC.
Summary, etc. Aimed at students in Surveying and Construction Management, this book examines in detail key issues and best practice in construction cost management, at all levels of a construction project, from the time of pre-contract to the post-contract period. Includes the recent changes in the role of the construction cost manager. Discusses cost management in building and civil engineering sectors in the UK and abroad. Provides case studies and seminar questions. Contains short analyses on the NEC3 engineering and construction contract and on the new Fédération Internationale des Ingénieurs-Conseils standard form of international construction contract. Presents major projects such as the Scottish Parliament Building, Wembley Stadium and Heathrow Terminal 5.
521 ## - TARGET AUDIENCE NOTE
Target audience note Advanced
590 ## - LOCAL NOTE (RLIN)
Local note KA
651 #4 - SUBJECT ADDED ENTRY--GEOGRAPHIC NAME
Geographic name United Kingdom
Chronological subdivision
690 ## - LOCAL SUBJECT ADDED ENTRY--TOPICAL TERM (OCLC, RLIN)
Topical term or geographic name as entry element BUILT ENVIRONMENT-BUILDING COSTS
942 ## - ADDED ENTRY ELEMENTS (KOHA)
Suppress in OPAC 0
Holdings
Withdrawn status Lost status Source of classification or shelving scheme Damaged status Not for loan Home library Current library Shelving location Date acquired Total Checkouts Full call number Barcode Date last seen Copy number Price effective from Koha item type
    Dewey Decimal Classification     London London Books 05/03/2014   692.8 POT 30075161 06/08/2019 1 06/08/2019 Book